| 000 | 00606nam a22001817a 4500 | ||
|---|---|---|---|
| 003 | 0 | ||
| 005 | 20250626113816.0 | ||
| 008 | 231018b xxu||||| |||| 00| 0 eng d | ||
| 050 |
_aPHS HD 9999.C947 _b.C35 2023 |
||
| 100 | _aCalma, Bianca Eunice M. | ||
| 245 |
_aCherir boutique / _cBianca Eunice M. Calma. |
||
| 260 |
_aLas Pinas City, Philippines : _bSouthville International School and Colleges, _c2023. |
||
| 300 |
_a98 pages ; _c30 cm. |
||
| 504 | _aIncludes bibliographical references. | ||
| 650 | _aClothing business--Research. | ||
| 650 | _aBusiness proposal--Research. | ||
| 942 |
_2lcc _cPASS |
||
| 999 |
_c365531 _d365531 |
||